| 000 | 00737nam a22001935i 4500 | ||
|---|---|---|---|
| 001 | 158649 | ||
| 003 | ES-MaACL | ||
| 005 | 20230906211245.0 | ||
| 008 | 040901s1894 sp a |||| | spa d | ||
| 040 |
_aCAM _bspa _cCAM |
||
| 245 | 0 | 0 |
_aManual para el viajero en Cádiz _b: guía. |
| 260 |
_aCadiz : _b[s.n., _cs.a.] ( _fTipografía Gaditana) |
||
| 300 |
_a269, 68 p., [1] h. pleg. de mapa : _bil. ; _c15 cm. |
||
| 505 | 8 | _aLas 68 p. corresponden a "Fiestas gaditanas" | |
| 596 | _aEl catálogo del CSIC fecha esta obra en 1894. | ||
| 599 | _aLa h. mapa de la ciudad de Cádiz: "Lit. Cavijoli y Mongay, Editor Gautier" | ||
| 651 | 4 |
_aCádiz- _xDescripción. _9137116 |
|
| 852 |
_aES-MaACL _jG-514 _z-- Enc. tela _z-- Legado Calderón |
||
| 999 |
_c158649 _d158649 |
||